| 000 | 00544nam a2200193Ia 4500 | ||
|---|---|---|---|
| 008 | 131103s9999 xx 000 0 und d | ||
| 020 | _cRs. 100 | ||
| 040 | _aLoreto College | ||
| 041 | _aEnglish | ||
| 082 |
_a954.147/RAY _bLCLIB/42854 |
||
| 100 | _aRay, Nisith Ranjan | ||
| 245 |
_aCalcutta, the profile of a city _cNisith Ranjan Ray |
||
| 260 |
_aCalcutta _bK.P.Bagchi _c1986 |
||
| 300 | _av,131p, photos 22.5 cm. | ||
| 504 | _aIncludes index | ||
| 650 | _aCalcutta, India, History | ||
| 651 | _aKolkata,India, History | ||
| 942 | _cBK | ||
| 999 |
_c2424 _d52903 |
||